| 000 | 00757cam a2200229 a 4500 | ||
|---|---|---|---|
| 001 | 1633009 | ||
| 005 | 20180309074453.0 | ||
| 008 | 960126s1996 cau be 001 0 eng | ||
| 010 | _a 96003804 | ||
| 020 | _a0761504109 | ||
| 040 |
_aDLC _cDLC _dDLC |
||
| 041 | _aeng | ||
| 080 | _a612.39 | ||
| 082 | 0 | 0 |
_a612.39 MUR _220 |
| 100 | 1 | _a10 | |
| 101 | _aNUT | ||
| 245 | 1 | 0 |
_aEncyclopedia of nutritional supplements : _cMichael T. Murray. |
| 504 | _aIncludes bibliographical references (p. 489-544) and index. | ||
| 906 |
_a7 _bcbc _corignew _d1 _eocip _f19 _gy-gencatlg |
||
| 942 |
_2ddc _cBK |
||
| 999 |
_c44593 _d44593 |
||